Patrimonio arts̕tico de la Procuradura̕ General de la Repb︢lica

Detalles Bibliográficos
Formato: eBook
Lenguaje:español
Publicado: Ciudad de Mx̌ico: Biblioteca "Lic. Emilio Portes Gil", 1994
Materias:
Acceso en línea:Acceso restringido

MARC

LEADER 00000nam a22000007a 4500
005 20180413002336.0
007 cr|||| ||||
008 180413s1994 mx |||||s|||| 00||0 spa d
020 |a 968-6873-60-0 
035 |a 21414 
040 |a vLex 
090 |c 7738  |d 7738 
245 0 0 |a Patrimonio arts̕tico de la Procuradura̕ General de la Repb︢lica  |h [Recurso electrn̤ico] / 
256 |a Servicio en ln̕ea 
260 |a Ciudad de Mx̌ico:  |b Biblioteca "Lic. Emilio Portes Gil",  |c 1994 
300 |a 1 recurso electrn̤ico 
506 1 |a Disponible solo en los productos indicados  |d vLex Global  |d vLex Global (Academic Edition, excluding Law Schools)  |d vLex Global (U.S. Academic Edition, Law Schools)  |d vLex Global (U.S. Academic Edition, excluding Law Schools)  |d vLex Global (Academic Edition, Law Schools) 
650 0 4 |a Humanidades  |z Mx̌ico 
740 0 |a vLex Libros (Servicio en ln̕ea) 
856 4 0 |u http://vlex.com/source/patrimonio-artistico-procuraduria-general-republica-21414  |z Acceso restringido 
942 |c BOOK 
999 0 |a Humanities